| 000 | 02042nam a2200313 i 4500 | ||
|---|---|---|---|
| 001 | 16314 | ||
| 003 | DO-SdUEMH | ||
| 005 | 20260129174552.0 | ||
| 007 | ta | ||
| 008 | 211105s2006||||dr |||gr|||| 0|| |dspa d | ||
| 020 | _a9993468827 | ||
| 040 |
_aDO-SdUEMH _bspa _erda |
||
| 041 | _aspa | ||
| 082 | 1 | 4 |
_aRD347.072 A321R 2006 _mRD _bA321 |
| 084 | _b08-00317 | ||
| 100 | 1 |
_aALARCON, EDYNSON _eaut |
|
| 245 | 0 |
_aLos Recursos del Procedimiento Civil: _bcomentarios doctrinales y formatos procesales / _cEdynson Alarcon |
|
| 260 | _c2006 | ||
| 264 | 1 |
_aSanto Domingo, República Dominicana : _bTalleres de Ediciones, _c2006 |
|
| 264 | 4 | _c©2006 | |
| 300 |
_a194 páginas : _c22 cm. |
||
| 336 |
_2rdacontent _atexto _btxt |
||
| 337 |
_2rdamedia _asin mediación _bn |
||
| 338 |
_2rdacarrier _avolumen _bnc |
||
| 504 | _aContiene Información Bibliográfica a Final de la Obra. | ||
| 505 | 2 | _aDe las Sentencias en Defecto y de la Oposición a las Mismas -- Formularios -- Oposición a una Sentencia en Defecto mediante Escrito Notificado por Acto de Abogado a Abogado -- Oposición a una Sentencia en Defecto Dictada por el Juzgado de Paz -- Libro III: De la Apelación -- Título Único: De las Apelaciones y los Procedimientos en la Apelación -- Formulario -- Notificación de Recurso de Apelación -- Libro IV: De los Recursos Extraordinarios para Impugnar las Sentencias -- Título I: De la Tercería -- Formulario -- Emplazamiento en Tercería Principal -- Título II: De la Revisión Civil -- Formulario -- Notificación del Recurso de Revisión Civil y Emplazamiento a Comparecer en la Octava Franca de Ley -- La Apelación (Ley núm. 834 de 1978) -- La Impugnación (Le Contredit) -- Formulario -- Instancia Motivada Contentiva de Impugnación o Le Contredit -- Casación (Ley núm. 3726 de 1953) -- Ley sobre Procedimiento de Casación -- Formularios -- Memorial de Casación a la Honorable Suprema Corte de Justicia en Atribuciones de Jurisdicción de Casación -- Emplazamiento en Casación. | |
| 942 |
_2ddc _cBK _n0 |
||
| 999 |
_c16314 _d16314 |
||